Times por Escudo - Primeira Divisíon 2024 (Argentina) - Statistics

Estatísticas Gerais
  • Esse quiz foi jogado 80 vezes
  • A pontuação média é 19 de 28
Estatísticas das Respostas
Imagem Resposta % Correto
Boca Juniors
94%
Racing
94%
River Plate
93%
San Lorenzo
91%
Independiente
90%
Rosário Central
90%
Velez Sarsfield
90%
Estudiantes
88%
Talleres
87%
Defensa y Justicia
84%
Huracán
84%
Tigre
84%
Argentinos Juniors
82%
Lanús
82%
Newells Old Boys
74%
Banfield
68%
Atlético Tucuman
66%
Godoy Cruz
66%
Gimnasia y Esgrima
57%
Belgrano
51%
Platense
43%
Central Córdoba
37%
Instituto ACC
35%
Sarmiento
35%
Unión
34%
Barracas Central
31%
Deportivo Riestra
22%
Independiente Rivadavia
19%
Nenhum quiz correspondente encontrado
Distribuição das Pontuações
Porcentagem de Pessoas com Cada Pontuação
Percentil de Números Respondidos
Sua Pontuação Histórica
Você não jogou esse quiz